000
00235nam a2200097Ia 4500
001
1204039
005
20250827022720.0
008
250824s9999 xx 000 0 und d
245
0
_a
MOZART
_c
MERİTXELL MARTİ
260
_b
ALTIN KİTAPLAR
999
_c
1204039
_d
1204039